| 000 | 00330nam a2200109Ia 4500 | ||
|---|---|---|---|
| 005 | 20251222152713.0 | ||
| 008 | 251222s9999||||xx |||||||||||||| ||spa|| | ||
| 082 | _a370/E76 | ||
| 100 | _aEscalante Flores, Carolina | ||
| 245 | 0 | _aPropuestas de Vigilancia de la Calidad de los Servicios Educativos en Comunidades Nativas | |
| 942 | _cLIB | ||
| 999 |
_c29272 _d29272 |
||